00307nam a2200097Ia 4500008004100000245006700041245001500108260000900123650002900132856004800161171211s9999 xx 000 0 und d aData Mining with R: Learning with Case Studies, Second Edition cLuis Torgo c2017 xINFORMATION TECHNOLOGIES uhttp://down.ebook777.com/064/1482234890.pdf